000 01030nam a2200313 a 4500
001 vtls000190143
003 NLI
005 20210602111622.0
008 101125s1974 ii a 000 0 eng
020 _cRs. 12.50
039 9 _y201011252250
_zVLOAD
040 0 _aNLI
_cVTLS-2010
_eAACR2
041 0 _aeng
044 _aii
082 0 4 _a398.210954
100 1 _aAnand, Mulk Raj,
_d1905-2004.
_9296861
245 1 0 _aFolk tales of Punjab /
_cMulk Raj Anand
260 _aNew Delhi :
_bSterling Publishers,
_c1974
300 _a112 p. :
_bill. ;
_c22 cm.
440 0 _aFolk tales of India series ;
_v18
_9349779
650 0 _aTales
_zIndia
_zPunjab
_9361691
650 0 _aPanjabis (South Asian people)
_xFolklore
_9362620
887 _a
901 _aDB25330
_b28.05.1974
902 _aE 398.210.954 An 14
942 _2ddc
_cBKS
949 _AVIRTUAITEM
_D10000
_X100
_6DBA000025330ENG
_aE 398.210954 An 14
999 _aVIRTUA40
_c192552
_d192552
999 _aVTLSSORT0080*0200*0400*0410*0440*0820*1000*2450*2600*3000*4400*6500*6501*9010*9020*9490*9991